000 00576nam a22001937a 4500
003 OSt
005 20250715033854.0
008 250715b |||||||| |||| 00| 0 eng d
020 _a0192810685
040 _aDWCL - Main lib
_cOC
082 _aCirc. 809.1 B996 1970
100 _aPage, Frederick
245 _a Byron poetical works/
_cFrederick Page
260 _aLondon :
_bOxford University press,
_cc1970.
300 _ax, 925 pages :
_c 19 cm.
504 _aIncludes notes and index.
650 _a1. . Poetry - Collections I.Title.
942 _2ddc
_cBK-CIRC
_kCirc.
_n0
999 _c3677
_d3677